000 00879cam a2200229 4500
001 6062
005 20181127180817.0
010 _a 2014046776
020 _a9781421417608
100 _aBitar, Sergio.
_b
_c
_d
_e
_q
245 0 0 _aDemocratic transitions :
_bconversations with world leaders /
_cedited by Sergio Bitar and Abraham F. Lowenthal, International Institute for Democracy and Electoral Assistance, Stockholm.
264 1 _aBaltimore :
_bJohns Hopkins University Press,
_c2015.
300 _axvi, 467 pages :
_billustrations ;
_c24 cm
336 _atext
_2rdacontent
337 _aunmediated
_2rdamedia
338 _avolume
_2rdacarrier
504 _aIncludes bibliographical references (pages 451-454) and index.
650 0 _aDemocratization
_vCase studies.
650 0 _aPolitical leadership
_vCase studies.
700 1 _aBitar, Sergio.
700 1 _aLowenthal, Abraham F.
999 _c5118
_d5118